Zsoltárok az Énekeskönyvünkben

Bibliographic Details
Main Author: Kostsánszky, Dániel (Author)
Format: Article
Language:Hungarian
ISSN:1335-7298
Subjects:

MARC

LEADER 00000nab a2200000 ar4500
001 vtls009003407
003 SK-MaSNL
005 20260319071255.0
008 061219c2006 xo |||||||| 000 b|hun
015 |a SNBRB2006/12  |2 snkbucl 
038 |a SNKBUCL 
040 |a DSZK  |b slo  |c DSZK  |e AACR2 
041 0 |a hun 
044 |a xo  |c SK 
080 |a 245:284.2  |2 1997 
080 |a 284.2:245  |2 1997 
100 1 |a Kostsánszky, Dániel  |4 aut  |9 1065780 
245 1 0 |a Zsoltárok az Énekeskönyvünkben  |c Kostsánszky Dániel 
500 |a Článok bol publikovaný aj v časopise Kalvínske hlasy. - Roč. LXXVII, č. 12 (2006), s. 3 
500 |a Začiatok 
650 0 7 |a liturgické spevníky  |2 snkbucl  |9 97920 
650 0 7 |a žalmy  |2 snkbucl  |9 1744 
773 0 |t Kálvinista szemle  |g Évf. LXXVII, sz. 12 (2006), o. 8  |x 1335-7298 
852 |a SNK  |b KIS3GCP 
852 |a DSZK  |b KIS3GCP 
958 |a HU 
958 |a NT 
999 |c 1751689  |d 1753619